000 01414nam a2200397 i 4500
001 197461
003 ES-MaACL
005 20250825062749.0
007 ta
008 860104s1985 sp a 000 bspa
016 7 _abimoBNE19920816511
_zIBH8505919588
_2SpMaBN
017 _aM 12017-1985
_bOficina Depósito Legal Madrid
020 _a8474170605
035 _a(OCoLC)433713566
035 _a(SpMaBN)bimo0000170592
040 _aIBH
_bspa
_cSpMaBN
_erdc
080 _a92 Mozart, Wolfgang Amadeus
100 0 _aHildesheimer, Wolfgang
_963686
_eaut
240 1 0 _aMozart
_lEspañol
245 1 0 _aMozart /
_cWolfgang Hildesheimer ; [traducción, Ariel Bignami].
260 _aBarcelona :
_bJavier Vergara,
_cD.L. 1985
300 _a394 p. :
_bil. ;
_c22 cm.
336 _2rdacontent
_atexto
337 _2rdamedia
_asin mediación
338 _2rdacarrier
_avolumen
490 0 _aBiografía e historia
600 0 _aMozart, Wolfgang Amadeus,
_d1756-1791-
_2embne
_9223460
_xBiografías
655 0 _aBiografías
_9176647
852 _aES-MaACL
_cDEPO1
_jA-15554
_hDonación: Fernando Codina Rodríguez
_xEncuadernación rústica con solapas
_9205901
903 _aCodina Rodríguez, Fernando
_ednr
_9238631
942 _n0
_cMONOGRAFIA
999 _c197461
_d197461